Gouverner la misere : la question sociale en France, 1789-1848

Saved in:
Bibliographic Details
Main Author: Procacci, G. (Giovanna)
Format: Book
Language:French
Published: Paris : Editions du Seuil, 1993
Series:Univers historique
Subjects:
Tags: Add Tag
No Tags, Be the first to tag this record!

MARC

LEADER 00000nam a2200000 i 4500
001 1/71078
008 080118s1993 fre d
020 |a 978-2-02-014036-2 
020 |a 2-02-014036-5 
035 |l 10093824 
040 |a GR-MY-UA  |b gre  |e aacr 
041 0 |a fre 
082 0 |a 306.0944  |2 (22) 
100 1 |a Procacci, G.  |q (Giovanna) 
245 1 0 |a Gouverner la misere :  |b la question sociale en France, 1789-1848 /  |c Giovanna Procacci 
260 |a Paris :   |b Editions du Seuil,   |c 1993 
300 |a 357 σ.;  |c 21 εκ. 
490 1 |a L'Univers historique 
504 |a Βιβλιογραφία: σ. 329-351 
504 |a Ευρετήριο: σ. 353-357 
650 0 0 |a Poor  |z Europe  |x History  |y 18th century. 
650 0 0 |a Poor  |z Europe  |x History  |y 19th century. 
651 0 |a France  |x Social conditions  |y 18th century. 
651 0 |a France  |x Social conditions  |y 19th century. 
830 0 |a Univers historique 
852 |a INST  |b LESVOS  |e 20080118  |h 306.0944 PRO  |p 005100040277  |q 005100040277  |t BK  |y 0 
901 |a BIBL1-2008-1 
909 |a Λ  |b 142870 
922 |a 1ΕΛΗ  |b 200712  |c ΕΠΕΑΕΚ2/ΤΚΑ  |d ΕΛΕΥΘΕΡΟΥΔΑΚΗΣ 
970 |a ΚΑΡΑ  |b ΓΙΑΣΕΜΗ  |z 2008/01/18